All cities in Romania on a map - Statistics

General Stats
  • This quiz has been taken 1,386 times
  • The average score is 80 of 317
Answers on the Map
Answers color-coded by a green-red scale on the quiz's map according to % correct below.
 
Answer Stats
Population (2021) City % Correct
1,716,961 București
86%
286,598 Cluj-Napoca
85%
263,688 Constanța
83%
250,849 Timișoara
83%
271,692 Iași
79%
237,589 Brașov
77%
145,078 Arad
72%
183,105 Oradea
70%
234,140 Craiova
69%
217,851 Galați
67%
134,309 Sibiu
67%
91,520 Satu Mare
66%
180,540 Ploiești
65%
84,322 Suceava
64%
141,275 Pitești
63%
116,033 Târgu Mureș
63%
65,624 Tulcea
63%
136,087 Bacău
61%
108,759 Baia Mare
61%
154,686 Brăila
60%
90,010 Botoșani
58%
103,481 Buzău
58%
64,227 Alba Iulia
55%
54,551 Giurgiu
55%
58,215 Călărași
54%
79,679 Piatra Neamț
54%
63,035 Vaslui
53%
53,113 Deva
52%
78,877 Bistrița
51%
50,457 Hunedoara
51%
73,545 Târgu Jiu
51%
40,390 Alexandria
49%
79,865 Drobeta-Turnu Severin
49%
31,950 Mangalia
49%
66,965 Târgoviște
49%
52,132 Zalău
49%
43,553 Slobozia
48%
66,648 Focșani
47%
110,527 Râmnicu Vâlcea
47%
58,393 Reșița
47%
50,080 Sfântu Gheorghe
47%
23,927 Sighișoara
47%
63,487 Slatina
47%
34,484 Miercurea Ciuc
46%
52,475 Bârlad
44%
9,071 Sinaia
43%
43,319 Turda
42%
48,644 Roman
41%
27,574 Câmpulung
40%
35,450 Lugoj
39%
31,475 Dej
38%
3,118 Sulina
38%
47,366 Voluntari
38%
26,284 Făgăraș
37%
34,612 Medgidia
37%
39,505 Mediaș
37%
31,044 Petroșani
37%
27,403 Caracal
36%
21,714 Caransebeș
36%
15,088 Cernavodă
36%
25,977 Curtea de Argeș
36%
21,750 Otopeni
36%
34,398 Năvodari
35%
25,045 Huși
34%
30,766 Pașcani
34%
53,431 Popești-Leordeni
34%
29,774 Râmnicu Sărat
34%
26,490 Sebeș
34%
32,795 Sighetu Marmației
34%
18,015 Târgu Neamț
34%
21,307 Aiud
33%
20,577 Buftea
33%
8,630 Eforie
33%
27,462 Fetești
33%
19,597 Turnu Măgurele
33%
28,993 Câmpina
32%
15,642 Câmpulung Moldovenesc
32%
9,208 Covasna
32%
22,893 Dorohoi
32%
10,215 Năsăud
32%
34,005 Onești
32%
8,506 Orșova
32%
24,292 Rădăuți
32%
32,801 Tecuci
32%
13,380 Urziceni
32%
8,368 Bușteni
31%
13,807 Calafat
31%
15,920 Râșnov
31%
12,578 Vatra Dornei
31%
15,178 Adjud
30%
12,690 Brad
30%
29,317 Mioveni
30%
31,335 Odorheiu Secuiesc
30%
29,742 Reghin
30%
3,901 Azuga
29%
32,873 Pantelimon
29%
12,589 Zimnicea
29%
40,080 Bragadiru
28%
23,902 Fălticeni
28%
22,624 Oltenița
28%
4,020 Predeal
28%
9,213 Babadag
27%
9,745 Beiuș
27%
18,957 Carei
27%
13,527 Corabia
27%
15,617 Drăgășani
27%
19,873 Gherla
27%
6,713 Nădlac
27%
13,968 Ovidiu
27%
22,294 Roșiorii de Vede
27%
16,243 Târgu Secuiesc
27%
15,884 Gheorgheni
26%
15,792 Salonta
26%
9,597 Târgu Frumos
26%
17,816 Blaj
25%
27,711 Borșa
25%
14,762 Chitila
25%
13,278 Gura Humorului
25%
8,069 Huedin
25%
18,699 Lupeni
25%
19,772 Vulcan
25%
16,722 Băicoi
24%
15,031 Filiași
24%
15,950 Motru
24%
9,703 Sovata
24%
12,609 Toplița
24%
20,590 Câmpia Turzii
23%
22,277 Cisnădie
23%
20,534 Codlea
23%
12,583 Găești
23%
7,530 Negrești
23%
10,627 Sânnicolau Mare
23%
12,761 Țăndărei
23%
10,107 Videle
23%
21,624 Zărnești
23%
16,114 Balș
22%
6,106 Bicaz
22%
2,391 Borsec
22%
7,348 Călimănești
22%
5,991 Lehliu Gară
22%
16,825 Orăștie
22%
30,920 Săcele
22%
6,708 Siret
22%
3,787 Băile Herculane
21%
11,260 Beclean
21%
10,333 Dăbuleni
21%
6,467 Horezu
21%
10,179 Jimbolia
21%
11,314 Mărășești
21%
13,573 Marghita
21%
12,962 Mizil
21%
15,472 Moreni
21%
9,346 Oravița
21%
10,410 Târgu Ocna
21%
20,604 Târnăveni
21%
8,061 Techirghiol
21%
12,044 Vălenii de Munte
21%
15,349 Vișeu de Sus
21%
19,996 Comănești
20%
8,793 Hațeg
20%
8,807 Ineu
20%
9,677 Jibou
20%
19,728 Moinești
20%
9,173 Murfatlar
20%
4,616 Negru Vodă
20%
15,931 | 5,032 Ștefănești
20%
9,291 Titu
20%
15,928 Băilești
19%
14,871 Breaza
19%
8,737 Hârșova
19%
14,414 Măgurele
19%
10,246 Rovinari
19%
13,948 Șimleu Silvaniei
19%
4,360 Abrud
18%
12,534 Avrig
18%
1,372 Băile Tușnad
18%
12,806 Bolintin-Vale
18%
11,106 Comarnic
18%
19,473 Cugir
18%
11,948 Darabani
18%
8,969 Ianca
18%
4,408 Isaccea
18%
9,278 Moldova Nouă
18%
19,600 Petrila
18%
11,268 Simeria
18%
9,059 Strehaia
18%
9,373 Topoloveni
18%
8,969 Valea lui Mihai
18%
9,662 Aleșd
17%
6,595 Făget
17%
3,008 Făurei
17%
8,332 Întorsura Buzăului
17%
14,616 Negrești-Oaș
17%
10,931 Sângeorz-Băi
17%
4,669 Slănic
17%
5,398 Ștei
17%
6,308 Teiuș
17%
7,007 Ungheni
17%
10,131 Urlați
17%
9,721 Drăgănești-Olt
16%
7,208 Ghimbav
16%
10,040 Lipova
16%
7,248 Măcin
16%
12,953 Pucioasa
16%
10,795 Scornicești
16%
14,329 Baia Sprie
15%
14,152 Buhuși
15%
7,212 Chișineu-Criș
15%
10,349 Hârlău
15%
14,757 Luduș
15%
6,000 Piatra-Olt
15%
8,992 Podu Iloaiei
15%
11,163 Târgu Lăpuș
15%
15,143 Vicovu de Sus
15%
4,478 Baia de Aramă
14%
3,750 Băile Olănești
14%
5,179 Broșteni
14%
13,069 Dărmănești
14%
5,870 Însurăței
14%
7,760 Mihăilești
14%
9,464 Nehoiu
14%
12,480 Ocna Mureș
14%
9,423 Odobești
14%
6,921 Panciu
14%
4,907 Rupea
14%
7,616 Târgu Cărbunești
14%
6,805 Amara
13%
3,369 Aninoasa
13%
6,834 Buziaș
13%
10,055 Călan
13%
11,007 Dolhasca
13%
6,378 Fieni
13%
11,950 Pecica
13%
7,356 Segarcea
13%
6,711 Tălmaciu
13%
5,946 Târgu Bujor
13%
6,652 Zlatna
13%
5,521 Anina
12%
2,158 Băile Govora
12%
7,730 Baraolt
12%
4,355 Bechet
12%
12,949 Bocșa
12%
6,569 Câmpeni
12%
2,938 Căzănești
12%
8,797 Cristuru Secuiesc
12%
7,279 Curtici
12%
5,670 Deta
12%
4,620 Fierbinți-Târg
12%
1,987 Nucet
12%
3,434 Ocna Sibiului
12%
8,497 Oțelu Roșu
12%
10,720 Săcueni
12%
4,011 Slănic Moldova
12%
8,058 Tășnad
12%
6,446 Victoria
12%
7,564 Agnita
11%
6,124 Ardud
11%
5,414 Bălan
11%
6,369 Cehu Silvaniei
11%
9,460 Costești
11%
6,238 Dumbrăveni
11%
10,561 Flămânzi
11%
3,619 Miercurea Sibiului
11%
5,276 Novaci
11%
6,787 Pâncota
11%
6,276 Pătârlagele
11%
6,709 Plopeni
11%
6,384 Pogoanele
11%
8,347 Recaș
11%
8,133 Roznov
11%
5,710 Săliște
11%
12,460 Sântana
11%
6,447 Săveni
11%
6,359 Tismana
11%
7,110 Ulmeni
11%
6,669 Uricani
11%
3,035 Baia de Arieș
10%
2,473 Berești
10%
5,696 Brezoi
10%
7,684 Bumbești-Jiu
10%
4,570 Copșa Mică
10%
3,154 Dragomirești
10%
6,714 Fundulea
10%
8,473 Iernut
10%
3,134 Ocnele Mari
10%
7,570 Băbeni
9%
7,126 Budești
9%
4,264 Cavnic
9%
5,087 Geoagiu
9%
5,892 Livada
9%
5,414 Miercurea Nirajului
9%
6,306 Răcari
9%
2,405 Solca
9%
7,703 Șomcuta Mare
9%
2,025 Vașcău
9%
4,235 Bălcești
8%
10,298 Boldești-Scăeni
8%
5,817 Frasin
8%
5,473 Gătaia
8%
8,878 Liteni
8%
8,198 Seini
8%
8,463 Tăuții-Măgherăuș
8%
5,078 Vânju Mare
8%
6,468 Vlăhița
8%
4,231 Berbești
7%
9,139 Cajvana
7%
4,657 Milișăuți
7%
6,853 Murgeni
7%
5,229 Potcoava
7%
9,513 Salcea
7%
4,856 Săliștea de Sus
7%
4,875 Sângeorgiu de Pădure
7%
3,934 Țicleni
7%
4,171 Bucecea
6%
5,434 Ciacova
6%
6,186 Sărmașu
5%
No matching quizzes found
Score Distribution
Percent of People with Each Score
Percentile by Number Answered
Your Score History
You have not taken this quiz